000 01361nam a2200253Ia 4500
003 OSt
005 20220930095010.0
006 a|||||r|||| 00| 0
007 ta
008 220926b |||||||| |||| 00| 0 hin d
024 _a63259
037 _cTheses
040 _aCRL
_cCRL
_bhin
041 _2hin
_ahin
100 _aभारती, समरेश, ले.
110 _aदिल्ली विश्वविद्यालय. शिक्षा संकाय. शिक्षा विभाग
_9556121
245 0 _aस्कूली विद्यार्थियों में भौगोलिक साक्षरता का विकास
_b भूगोल की शिक्षा के संदर्भ में इसके अवयवों, निर्माण और निहितार्थ का अध्ययन
246 _aSkūlī vidyārthiyoan mean bhaugolik sākṣharatā kā vikāsa: bhūgol kī shikṣhā ke sandarbha mean isake avayavoan, nirmāṇ aur nihitārtha kā adhyayana
260 _c2018
300 _a174पृ0
_ap.
_ccm.
700 _aदिल्ली विश्वविद्यालय. शिक्षा संकाय. शिक्षा विभाग
_9556122
942 _cDIS
_2CC
999 _c888135
_d888135